Formule 1 - Description foireuse #1 - Statistiques

Statistiques générales
  • Ce quiz a été pris 869 fois
  • Le résultat moyen est 11 sur 15
Statistiques - réponses
Description Réponse % Correct
C'est un mec qui est habillé en rouge, et qui vient d'un endroit tout petit mais pété de thunes. Charles Leclerc
91%
C'est un truc de la même couleur que l'océan, qu'on te montre quand t'es trop lent et qu'un mec rapide veut passer devant toi. Drapeau bleu
89%
C'est une voiture allemande avec un prénom espagnol et conduite par un britannique depuis 2013. Mercedes
89%
C'est une marque qui avait la cote lors de la période Ayrton-Alain, et un peu en 2024, mais en orange à présent. McLaren
86%
C'est un espagnol plutôt marrant et qui a roulé aux côtés de Max dès sa première année. No need to ask, he's a ... . Carlos Sainz
81%
Ça va très vite sur ce tracé, et le public rouge est survolté. Attention à la chicane au tout début de celui-ci. Monza (Grand Prix d'Italie)
81%
C'est un mec qui vient de la France à l'horizontale, et qui gagne tout avec sa boisson. Max Verstappen
79%
C'est un truc que les pilotes sont obligés de faire, mais par chance ça dure que quelques secondes dans une course entière. Arrêt au stand / Pit stop
77%
C'est un bout de tissu qu'un mec agite quand les voitures ont fini de tourner en rond. Drapeau à damier
76%
C'est la course en ville, dans un pays où le drapeau c'est pas Monaco mais presque, et c'est en Asie. SIngapour (Marina Bay)
73%
C'est un mec pas très expressif qui roulait pour s'occuper et qui a gagné chez Ferrari contre un britannique chauve (ou presque) et un espagnol rookie mais pas trop. Kimi Räikkönen
72%
C'est un circuit en forme de cochon à l'envers, et qui se passe pas loin d'une tour Eiffel. Las Vegas
71%
WTF IS A KILOMETER???! 🦅🦅 🇺🇸 🇺🇸 (il a fait 1 an et demi chez Williams récemment) Logan Sargeant
70%
C'est une marque qui s'inspire de Shakespeare pour un nom de modèle. Leurs couleurs étaient rouge et blanc, avec un peu de vert grâce à un trèfle. Alfa Romeo
44%
C'est une sanction qui t'oblige à rouler pas vite dans les stands sans mettre de nouveaux pneus ni rien. Drive-through
44%
Aucun quiz correspondant
Distribution des résultats
% des personnes avec chaque résultat
Percentile par nombre de réponses
Votre historique - résultats
Vous n’avez pas pris ce quiz